000 00857cab a2200241 4500
001 WB3518-11
008 090401t1999 xxu||||| |||| 00| 0 eng d
035 _a(Sirsi) u93302
041 _aeng
245 _aIndustrial and retail property fortunes point to strengthening economy
260 _c1999
350 _a0
490 _aRICS Press Release
_v(pr196) 7 May 1999 (2)
520 _aTwo recent RICS surveys of the commercial property market reveal that although fears of recession have receded, the economy has not fully recovered.
650 _aECONOMIC RECESSION
650 _aFORECASTS
650 _aINDUSTRIAL PROPERTY MARKET
650 _aPROPERTY-COMMERCIAL PROPERTY-RETAIL PROPERTY-RETAIL PROPERTY MARKET
650 _aRICS
690 _aPROPERTY-COMMERCIAL PROPERTY-COMMERCIAL PROPERTY MARKET
942 _n0
948 _c12/05/1999
999 _c59146
_d59146